[Event "Titled Tuesday intern op 12th Mar Early"]
[Site "Chess.com INT"]
[Date "2024.03.12"]
[Round "8"]
[White "Le, Tuan Minh"]
[Black "Rakhmatullaev, Almas"]
[Result "1-0"]
[WhiteElo "2567"]
[BlackElo "2424"]
[PlyCount "99"]
[EventDate "2024.03.12"]
[EventType "swiss (blitz)"]
[EventRounds "11"]
[EventCountry "USA"]
[SourceTitle "CB12_2024"]
[SourceDate "2023.10.01"]
[SourceVersion "1"]
[SourceVersionDate "2023.10.01"]
[SourceQuality "1"]

1. d4 d5 2. Nf3 c6 3. Bf4 Nf6 4. e3 Bf5 5. c4 a6 6. Qb3 Ra7 7. Nbd2 e6 8. Be2 Nbd7 9. 0-0 h6 10. h3 Be7 11. Rac1 0-0 12. Rfd1 Re8 13. Bd3 Bf8 14. cxd5 Nxd5 15. Bg3 Bxd3 16. Qxd3 c5 17. a3 b5 18. dxc5 Nxc5 19. Qb1 Qb6 20. Ne4 Nxe4 21. Qxe4 Rd8 22. Ne5 Raa8 23. Qf3 Qb7 24. Rc2 Rdc8 25. Rdc1 Rxc2 26. Rxc2 f6 27. Ng6 Rc8 28. Rd2 Qf7 29. Nxf8 Qxf8 30. e4 Nb6 31. Rd6 Nc4 32. Rxe6 Nxb2 33. Rxa6 Nc4 34. Kh2 Qf7 35. Qf5 Re8 36. Qxb5 Rxe4 37. Ra8+ Kh7 38. Qb8 Nd2 39. Qb5 Qe6 40. Qd3 Nc4 41. f3 f5 42. fxe4 fxe4 43. Qd8 e3 44. Qh8+ Kg6 45. Qe8+ Kf5 46. Qxe6+ Kxe6 47. Bf4 e2 48. Re8+ Kf5 49. Rxe2 Kxf4 50. a4 1-0

[Event "Titled Tuesday intern op 13th Feb Early"]
[Site "Chess.com INT"]
[Date "2024.02.13"]
[Round "1"]
[White "Farberov, Maxim"]
[Black "Le, Tuan Minh"]
[Result "0-1"]
[WhiteElo "1959"]
[BlackElo "2567"]
[PlyCount "58"]
[EventDate "2024.02.13"]
[EventType "swiss (blitz)"]
[EventRounds "11"]
[EventCountry "USA"]
[SourceTitle "CB08_2024"]
[SourceDate "2024.02.21"]
[SourceVersion "1"]
[SourceVersionDate "2024.02.21"]
[SourceQuality "1"]

1. e4 e5 2. Nf3 Nc6 3. Bb5 a6 4. Ba4 Bc5 5. c3 Nge7 6. 0-0 Ng6 7. d4 Ba7 8. Be3 0-0 9. Re1 d6 10. Nbd2 Kh8 11. Bc2 h6 12. h3 f5 13. exf5 Bxf5 14. Bxf5 Rxf5 15. Qc2 Qd7 16. Rad1 exd4 17. Nxd4 Nxd4 18. cxd4 Raf8 19. Ne4 Nf4 20. Ng3 R5f7 21. d5 Bb6 22. Bxb6 cxb6 23. Qe4 Qb5 24. b3 Qc5 25. Qe3 Qc2 26. Rd2 Qg6 27. Qe4 Qg5 28. Kh2 h5 29. Nf1 Ng6 0-1

[Event "Titled Tuesday intern op 09th Jan Early"]
[Site "Chess.com INT"]
[Date "2024.01.09"]
[Round "1"]
[White "Le, Tuan Minh"]
[Black "Baches Garcia, Guillermo"]
[Result "1-0"]
[WhiteElo "2567"]
[BlackElo "2327"]
[PlyCount "59"]
[EventDate "2024.01.09"]
[EventType "swiss (blitz)"]
[EventRounds "11"]
[EventCountry "USA"]
[SourceTitle "CB03_2024"]
[SourceDate "2024.01.17"]
[SourceVersion "1"]
[SourceVersionDate "2024.01.17"]
[SourceQuality "1"]

1. d4 d5 2. Nf3 e6 3. Bf4 Bd6 4. e3 Nf6 5. Nbd2 0-0 6. Bd3 b6 7. Qe2 a5 8. Bg5 h6 9. Bxf6 Qxf6 10. e4 Qd8 11. 0-0 Ba6 12. c4 c6 13. Rac1 Nd7 14. g3 Qe7 15. cxd5 Bxd3 16. Qxd3 cxd5 17. exd5 exd5 18. Rfe1 Qd8 19. Qb5 Nf6 20. a3 Rb8 21. Ne5 Bxe5 22. dxe5 Nd7 23. Nf3 Nc5 24. b4 axb4 25. axb4 Ne4 26. Nd4 Rc8 27. Rxc8 Qxc8 28. Qxd5 Nc3 29. Qf3 Rd8 30. Nc6 1-0

[Event "Titled Tuesday intern op 09th Jan Early"]
[Site "Chess.com INT"]
[Date "2024.01.09"]
[Round "9"]
[White "Le, Tuan Minh"]
[Black "Makarian, Rudik"]
[Result "1/2-1/2"]
[WhiteElo "2567"]
[BlackElo "2525"]
[PlyCount "110"]
[EventDate "2024.01.09"]
[EventType "swiss (blitz)"]
[EventRounds "11"]
[EventCountry "USA"]
[SourceTitle "CB03_2024"]
[SourceDate "2024.01.17"]
[SourceVersion "1"]
[SourceVersionDate "2024.01.17"]
[SourceQuality "1"]

1. d4 Nf6 2. Nf3 c5 3. c3 d5 4. Bf4 Nc6 5. e3 Qb6 6. Qc2 g6 7. Nbd2 Bg7 8. Be2 0-0 9. 0-0 Bf5 10. Qb3 c4 11. Qa3 Rfe8 12. b3 cxb3 13. axb3 Nh5 14. Bg3 Nxg3 15. hxg3 e5 16. dxe5 Nxe5 17. Nd4 Bd7 18. Rfd1 a6 19. Rac1 Rac8 20. b4 h5 21. N2b3 Bg4 22. Bxg4 Nxg4 23. Nc5 Qc7 24. Nf3 Bh6 25. Rxd5 Nxf2 26. Kxf2 Bxe3+ 27. Kf1 Qxg3 28. Rc2 Rcd8 29. Qa2 h4 30. Re2 Bxc5 31. Rxe8+ Rxe8 32. bxc5 h3 33. Rg5 Qf4 34. Kf2 Re3 35. Rxg6+ Kf8 36. Rg3 Rxc3 37. Rxh3 Rxc5 38. Qe2 Rc7 39. Kg1 Qf6 40. Rg3 Rc1+ 41. Kh2 Rc5 42. Qe4 Rh5+ 43. Kg1 Rb5 44. Rh3 a5 45. Qc4 Rb1+ 46. Kh2 Qd6+ 47. Rg3 Rb4 48. Qc8+ Ke7 49. Qh8 a4 50. Ne5 Re4 51. Ng4 a3 52. Qh4+ Kf8 53. Qh8+ Ke7 54. Qh4+ Kf8 55. Qh8+ Ke7 1/2-1/2

[Event "Titled Tuesday intern op 19th Dec Early"]
[Site "Chess.com INT"]
[Date "2023.12.19"]
[Round "8"]
[White "Dragun, Kamil"]
[Black "Le, Tuan Minh"]
[Result "0-1"]
[WhiteElo "2553"]
[BlackElo "2567"]
[PlyCount "116"]
[EventDate "2023.12.19"]
[EventType "swiss (blitz)"]
[EventRounds "11"]
[EventCountry "USA"]
[SourceTitle "CB52_2023"]
[SourceDate "2023.12.27"]
[SourceVersion "1"]
[SourceVersionDate "2023.12.27"]
[SourceQuality "1"]

1. d4 d5 2. c4 c6 3. Nc3 Nf6 4. e3 a6 5. Nf3 Bf5 6. cxd5 cxd5 7. Qb3 Ra7 8. Nh4 Be4 9. Nxe4 Nxe4 10. Bd3 e6 11. Nf3 Nf6 12. 0-0 Bd6 13. Ne5 0-0 14. Bd2 Nbd7 15. f4 Qa8 16. Rac1 b5 17. a4 bxa4 18. Qxa4 h6 19. Rc6 Bxe5 20. fxe5 Ne4 21. Bb4 Rb8 22. Rfc1 Nb6 23. Qc2 Rab7 24. Ba5 Nd7 25. b4 Nf8 26. Rxa6 Ra7 27. Rc6 Ng6 28. Bxe4 dxe4 29. Qxe4 Ne7 30. Qf3 Nxc6 31. Qxc6 Rab7 32. Rc5 Qa7 33. h3 Re8 34. Kh2 Rbb8 35. Bc7 Ra8 36. Ra5 Rec8 37. Rxa7 Rxa7 38. b5 Raxc7 39. Qd6 Rb7 40. b6 Rcb8 41. e4 Rxb6 42. Qe7 R6b7 43. Qd6 Rb6 44. Qd7 Rb2 45. d5 Re2 46. Qc7 Rbb2 47. d6 Rxg2+ 48. Kh1 Rgd2 49. Qc1 Rbc2 50. Qa1 Kh7 51. Qg1 Ra2 52. h4 Ra3 53. Qf1 Rad3 54. Qxf7 Rh3+ 55. Kg1 Rg3+ 56. Kf1 Ra3 57. Ke1 Rb2 58. Kd1 Ra1# 0-1

[Event "Titled Tuesday intern op 19th Dec Early"]
[Site "Chess.com INT"]
[Date "2023.12.19"]
[Round "5"]
[White "Le, Tuan Minh"]
[Black "Klukin, Kirill"]
[Result "1/2-1/2"]
[WhiteElo "2567"]
[BlackElo "2390"]
[PlyCount "121"]
[EventDate "2023.12.19"]
[EventType "swiss (blitz)"]
[EventRounds "11"]
[EventCountry "USA"]
[SourceTitle "CB52_2023"]
[SourceDate "2023.12.27"]
[SourceVersion "1"]
[SourceVersionDate "2023.12.27"]
[SourceQuality "1"]

1. d4 d5 2. Nf3 e6 3. Bf4 Bd6 4. e3 Ne7 5. Nbd2 Ng6 6. Bg3 b6 7. Bd3 Bb7 8. e4 dxe4 9. Bxe4 Bxe4 10. Nxe4 Bxg3 11. hxg3 Nd7 12. Qe2 Nf6 13. Nxf6+ gxf6 14. 0-0 0-0 15. c4 c6 16. Rad1 Qc7 17. d5 cxd5 18. cxd5 Rfe8 19. Qb5 Ne5 20. Nxe5 Qxe5 21. Rfe1 Qg5 22. Qa4 e5 23. d6 Red8 24. Re4 Qf5 25. Rg4+ Kh8 26. d7 b5 27. Qe4 Qxe4 28. Rxe4 a5 29. f4 Ra7 30. fxe5 fxe5 31. Rxe5 Raxd7 32. Rxd7 Rxd7 33. Rxb5 a4 34. a3 Rd2 35. Rb4 Kg7 36. g4 Kg6 37. Kh2 f6 38. Kg3 Rd3+ 39. Kh4 Rd2 40. Kh3 Rd3+ 41. Kh2 Rd2 42. Rxa4 Rxb2 43. Rb4 Ra2 44. Ra4 Rb2 45. Ra8 Kg5 46. Rg8+ Kf4 47. Rf8 Kg5 48. Rg8+ Kf4 49. a4 Ra2 50. Ra8 Kxg4 51. a5 h5 52. a6 Kf5 53. a7 Ra3 54. Kg1 Kf4 55. Kh2 f5 56. Kh1 h4 57. Kh2 Ra1 58. Rh8 Rxa7 59. Rxh4+ Kg5 60. Rb4 Re7 61. Kg3 1/2-1/2